| 000 | 00640cam a22002177a 4500 | ||
|---|---|---|---|
| 001 | 001072 | ||
| 003 | armpunfd | ||
| 005 | 20140612090629.0 | ||
| 008 | 011219e192####xx#a##########000#0#und#d | ||
| 040 |
_aarmpunfd _carmpunfd |
||
| 080 | _a347.7 AL 21 | ||
| 100 | 1 | 0 | _a Asociacion Latinoamericana De Centros De Educacion |
| 245 | 1 | 0 | _a"vi sidec ""reflexion sobre el cooperativismo latinoamericano en el aÑo 2000""" |
| 260 |
_a Buenos Aires _b Intercoop _c192P. |
||
| 300 | _aidelcoop | ||
| 500 | _a2000 | ||
| 650 | 7 |
_a Cooperativas _2LEMB |
|
| 650 | 7 |
_a Cooperativismo _2LEMB |
|
| 942 |
_cLB _2cdu |
||
| 945 |
_aCatalis _d2010-08-19 |
||
| 999 |
_c1063 _d231567 |
||